00658nam a2200181 a 4500001001000000003000400010005001700014008004000031040002500071082001500096100001900111245014600130260004000276300003600316500003200352504005900384700003300443000007416OSt20201207092932.0090908[1989] dr ac 001 spa d aDO-SdBNPbspacBNPHU axxxbL789g1 aLizardo, Sonia 0aGestión financiera y administrativa de la pequeña industria en la República Dominicana /cSonia Lizardo ; prólogo Ricardo A. Lora R.  aSanto Domingo, :bCENAPEC,c[1989]. a155 p. :bil., retrs. ;c22 cm. aIncluye datos biográficos aIncluye notas y datos biográficos a pie de paginas. 1 aLora R. , Ricardo Aepról.